| 000 | 00684nam a2200181 i 4500 | ||
|---|---|---|---|
| 001 | 164227 | ||
| 003 | ES-MaACL | ||
| 005 | 20240312215327.0 | ||
| 008 | 970318s1856 sp a |||| | spa d | ||
| 100 | 1 |
_aSaavedra, Eduardo, _d1829-1912 _9101132 |
|
| 245 | 1 | 0 |
_aTeoría de los puentes colgados / _cpor Don Eduardo Saavedra. |
| 260 |
_aMadrid : _b[s.n.], _c1856 ( _fImprenta de D. José C. de la Peña) |
||
| 300 |
_a108 p., [2] h. de lám. ; _c21 cm. |
||
| 599 | _aLas h. de lám. pleg. al final de la obra, "Lit. J. Donon" | ||
| 650 | 4 |
_aPuentes colgantes. _9136787 |
|
| 852 |
_aES-MaACL _jT-183-F-4 _z-- Enc. hol. _z-- Enc. en un vol. facticio |
||
| 999 |
_c164227 _d164227 |
||